Μαντέψτε τις Χώρες που Σχεδιάζονται - Statistics

General Stats
  • This quiz has been taken 16 times
  • The average score is 6 of 16
Answers on the Map
Answers color-coded by a green-red scale on the quiz's map according to % correct below.
 
Answer Stats
% Correct
Αιθιοπία
100%
Αργεντινή
100%
Αυστραλία
100%
Βατικανό
100%
Βιετνάμ
100%
Γκαμπόν
100%
Γουινέα
100%
Ηνωμένο Βασίλειο
100%
Ιράκ
100%
Κόστα Ρίκα
100%
Κούβα
100%
Κολομβία
100%
Λάος
100%
Λίβανος
100%
Μάλτα
100%
Μαλαισία
100%
Μονακό
100%
Νέα Ζηλανδία
100%
Νορβηγία
100%
Ουρουγουάη
100%
Ρωσία
100%
Τανζανία
100%
Τζαμάικα
100%
Φινλανδία
100%
Χιλή
100%
Γαλλία
67%
Αζερμπαϊτζάν
50%
Ανγκόλα
50%
Αυστρία
50%
Αφγανιστάν
50%
Βοσνία και Ερζεγοβίνη
50%
Δανία
50%
Ισημερινός
50%
Ισπανία
50%
Κίνα
50%
Λεσότο
50%
Μαρόκο
50%
Νότιο Σουδάν
50%
Ολλανδία
50%
Ομάν
50%
Ουζμπεκιστάν
50%
Ουκρανία
50%
Σαουδική Αραβία
50%
Σουηδία
50%
Σρι Λάνκα
50%
Τσεχία
50%
Γκάμπια
33%
Δημοκρατία του Κονγκό
33%
Μποτσουάνα
33%
Μπρουνέι
33%
Αίγυπτος
0%
Ακτή Ελεφαντοστού
0%
Αλβανία
0%
Αλγερία
0%
Αρμενία
0%
Αϊτή
0%
Βέλγιο
0%
Βόρεια Κορέα
0%
Βενεζουέλα
0%
Βολιβία
0%
Βουλγαρία
0%
Βραζιλία
0%
Γερμανία
0%
Γεωργία
0%
Γκάνα
0%
Γουατεμάλα
0%
Γουιάνα
0%
Δομινικανή Δημοκρατία
0%
Ελ Σαλβαδόρ
0%
Ελβετία
0%
Ελλάδα
0%
Ερυθραία
0%
Εσθονία
0%
Ζάμπια
0%
Ζιμπάμπουε
0%
Ηνωμένα Αραβικά Εμιράτα
0%
Ηνωμένες Πολιτείες
0%
Ιαπωνία
0%
Ινδία
0%
Ιορδανία
0%
Ιράν
0%
Ιρλανδία
0%
Ισλανδία
0%
Ισραήλ
0%
Ιταλία
0%
Κένυα
0%
Κύπρος
0%
Καζακστάν
0%
Καμερούν
0%
Κατάρ
0%
Κεντροαφρικανική Δημοκρατία
0%
Κιργιζία
0%
Κουβέιτ
0%
Κροατία
0%
Λαϊκη Δημοκρατία του Κονγκό
0%
Λετονία
0%
Λιβύη
0%
Λιβερία
0%
Λιθουανία
0%
Μάλι
0%
Μαδαγασκάρη
0%
Μαλάουι
0%
Μαυριτανία
0%
Μεξικό
0%
Μιανμάρ
0%
Μοζαμβίκη
0%
Μολδαβία
0%
Μπανγκλαντές
0%
Μπελίζ
0%
Μπενίν
0%
Μπουρούντι
0%
Νίγηρας
0%
Νότια Αφρική
0%
Νότια Κορέα
0%
Ναμίμπια
0%
Νεπάλ
0%
Νιγηρία
0%
Νικαράγουα
0%
Ονδούρα
0%
Πακιστάν
0%
Παναμάς
0%
Παπούα Νέα Γουινέα
0%
Παραγουάη
0%
Περού
0%
Πολωνία
0%
Πορτογαλία
0%
Σενεγάλη
0%
Σιέρα Λεόνε
0%
Σλοβενία
0%
Σομαλία
0%
Συρία
0%
Τόγκο
0%
Τατζικιστάν
0%
Ταϊβάν
0%
Ταϊλάνδη
0%
Τζιμπουτί
0%
Τουρκία
0%
Τρινιντάντ και Τομπάγκο
0%
Τσαντ
0%
Τυνησία
0%
Υεμένη
0%
No matching quizzes found
Score Distribution
Percent of People with Each Score
Percentile by Number Answered
Your Score History
You have not taken this quiz